| 000 | 00806nam a2200265 i 4500 | ||
|---|---|---|---|
| 001 | 105882 | ||
| 003 | ES-MaACL | ||
| 005 | 20250826060523.0 | ||
| 007 | t| | ||
| 008 | 060907s1979 sp ||||1| spa d | ||
| 020 | _a84-7311-043-9 | ||
| 080 | _a330.148 | ||
| 080 | _a323.381.2 | ||
| 080 | _a323.263 | ||
| 100 | 0 |
_aNegri, Antonio, _d1933- _985299 |
|
| 245 | 1 | 0 |
_aDominio y sabotaje / _cAntonio Negri; [traducción del italiano, J.S. Grau]. |
| 260 |
_aBarcelona : _bIniciativas Editoriales, _c[1979] |
||
| 300 |
_a123 p. ; _c18 cm. |
||
| 490 | 1 |
_aEl viejo topo ; _v2 |
|
| 650 | 1 | 4 |
_aCapitalismo. _910760 |
| 650 | 7 |
_aClase trabajadora _2embne _9151811 |
|
| 830 | 1 |
_aEl viejo topo ; _v2 _9183477 |
|
| 852 |
_aES-MaACL _jAND-872 _z- Biblioteca Juan Andrade |
||
| 999 |
_c105882 _d105882 |
||